Artur dos carris (Registo nº 1972)

Detalhes MARC
000 -Etiqueta do registo
Cabeçalho 00816nam a22002651 4500
005 - Identificador da versão
Campo de controlo 20240827105805.0
021 ## - Número do Depósito Legal
Código do país PT
100 ## - Dados gerais de processamento
Dados gerais de processamento 20070619d1979 de y0pory5003 ba
101 1# - Língua de publicação
Língua do texto, banda sonora, etc. Português
Língua do documento no original Inglês
102 ## - Pais de publicação ou produção
País de publicação Portugal
105 ## - Campo de dados codificados: livros
Dados codificados dos livros a z 000ay
106 ## - Campo de dados codificados: material textual
Dados codificados do material textual r
200 1# - Titulo e menção de responsabilidade
Título próprio Artur dos carris
Primeira menção de responsabilidade Alan Coren
Outras menções de responsabilidade il. John Astrop
-- trad. Manuel Granjeio Crespo
210 ## - Publicação, Distribuição, etc. 
Lugar da edição, distribuição, etc. Lisboa
Nome do editor, distribuidor, etc. Plátano
Data da publicação, distribuição, etc. [D.L. 1979]
215 ## - Descrição física 
Indicação específica da natureza do documento e extensão da espécie 68 p.
Outras indicações físicas il.
Dimensões 20 cm
225 2# - Colecção 
Título próprio da colecção As desnorteantes aventuras de Artur Oeste
Indicação de volume 4
304 ## - Notas relativas a título e menção de responsabilidade 
Texto da nota Tít. orig.: Railroad Artur
606 ## - Nome comum usado como assunto
Número de registo de entrada de autoridade 0000229
Palavra de ordem Literatura estrangeira infanto-juvenil
Subdivisão de assunto Romance de aventuras
675 ## - Classificação Decimal Universal (CDU)
Notação 82-311.3
Edição
Língua da edição por
700 #1 - Nome de autor-pessoa física (responsabilidade principal)
Número de registo de entrada de autoridade 0000617
Palavra de ordem Coren
Outra parte do nome não tomada para palavra de ordem Alan
Datas 1938-
702 #1 - Nome de autor-pessoa física (responsabilidade secundária)
Número de registo de entrada de autoridade 0000618
Palavra de ordem Astrop
Outra parte do nome não tomada para palavra de ordem John
Código de função Ilustrador / Técnico de desenho computorizado
Número de registo de entrada de autoridade 0000619
Palavra de ordem Crespo
Outra parte do nome não tomada para palavra de ordem Manuel Granjeio
Código de função Tradutor
942 ## - Elementos de entrada adicionados (Koha)
Tipo de item no Koha Livro
Exemplares
Situação do levantamento Origin of item (home branch) (coded) Biblioteca de empréstimo Código de barras Cota Circulation type (not for loan) Tipo de documento Nota do exemplar Damaged status
  Biblioteca Escolar da Coca Maravilhas Biblioteca Escolar da Coca Maravilhas BECM4688/00 8EST COR   Livro Sem mensagem